00470nam a22001577a 4500082001900000100001400019245003700033250001200070260004200082300003200124526003700156526003700193526003700230526003700267650000800304 a510.02462bROS aRose, W.N aMathematics for engineers Part-I a9th ed. aoffset in Great BritainbLondonc1955 axiv, 527 p,:bill, :c10 Cm a0b0c0d510_024620000000000_ROS a0b0c0d510_024620000000000_ROS a0b0c0d510_024620000000000_ROS a0b0c0d510_024620000000000_ROS aMCE